5SOS Song Lyric Quiz #2 - Statistics

General Stats
  • This quiz has been taken 367 times
  • The average score is 10 of 15
Answer Stats
Lyric Song % Correct
'When you've got bigger plans that no one else understands, you've got a shot though' She's Kinda Hot
92%
'Black jeans, white tees, black converse' Money
81%
'Shattered glass like the past it's a memory now' Broken Home
76%
'Let's forget who we are and dive into the dark' Jet Black Heart
76%
'I was already missing before the night I left' Invisible
75%
'I can't sleep 'cause my mind keeps racing My chest hurts 'cause my heart keeps breaking' Permanent Vacation
75%
'Lost here in London with nothing I'm still running back to you' Outer Space / Carry On
71%
'Late night conversations lead to complications' Castaway
69%
'Look in your eyes and know just what you miss So lie to me, just lie to me' Vapor
68%
'Drove into infinity, held you 'til you fell asleep' San Francisco
64%
'What's ironic to me, the ones that don't ever leave think that they know' Hey Everybody
63%
'I'm a broken stereo, out of time' Catch Fire
58%
'I hear the sirens at the door, They're always coming back for more' Over and Out
34%
'I'm looking for a way to change my mind, don't walk away' Broken Pieces
33%
'my strung-out heart needs your angel eyes' Lost in Reality
24%
No matching quizzes found
Score Distribution
Percent of People with Each Score
Percentile by Number Answered
Your Score History
You have not taken this quiz